| 000 | 00558nam a22001697a 4500 | ||
|---|---|---|---|
| 003 | NUST | ||
| 038 | _aNusrat Nadeem | ||
| 082 | _a200 | ||
| 100 |
_aAbid, Aasma _9122987 |
||
| 245 |
_aDual Stage Amplification for All-Optical Amplify and Forward Relays in FSO Links / _cAasma Abid, |
||
| 264 |
_aIslamabad, _bSEECS NUST, _c2024. |
||
| 300 |
_a82,p. _bill; _c30,cm. |
||
| 690 |
_aMS-Electrical Engineering _923567 |
||
| 700 |
_aSupervisor:Dr. Salman Abdul Ghafoor _996748 |
||
| 856 | _uhttp://10.250.8.41:8080/xmlui/handle/123456789/43530 | ||
| 942 |
_2ddc _cTHE |
||
| 999 |
_c609336 _d609336 |
||